00226nam a2200097Ia 4500008004100000100001600041245002500057260002200082942000700104999001700111190216s9999||||xx |||||||||||||| ||und|| aBabu Joseph 0aAnukenthriya Shakthi bKerala Basha Inst cBK c37660d37660